• 首页
  • 本馆介绍
  • 公告通知
  • 最新文献
  • 馆藏检索
  • 电子资源
  • 读者导购
  • 参考咨询
  • 我的图书馆
  • 登录
  • 详细信息显示
  • 放入我的书架
  • 预约/预借图书
  • 作者相关作品
  • 分类相关作品
  • 丛书相关作品
  • 出版社相关作品

书目信息

  • 表格格式
  • 工作单格式
  • 卡片格式
题名:
电工初级技能
    
 
作者: 孙克军 主编
分册:  
出版信息: 北京   金盾出版社  2009
页数: 235页
开本: 21cm
丛书名: 农村劳动力转移技能培训丛书
单 册:
中图分类: TM-49 , TM
科图分类:
主题词: 电工技术--基本知识 , 电工技术
电子资源:
ISBN: 978-7-5082-5374-9
000 00923nam0 2200265 450
001 2348800802
005 20231221133449.02
010    @a978-7-5082-5374-9@dCNY 19.00
100    @a20090605d2009 em y0chiy0120 ea
101 0  @achi
102    @aCN@b110000
105    @aa z 000yy
200 1  @a电工初级技能@Adian gong chu ji ji neng@b专著@f孙克军主编
210    @a北京@c金盾出版社@d2009
215    @a235页@c图@d21cm
225 2  @a农村劳动力转移技能培训丛书
330    @a本书共分8章,内容包括电工基础知识,常用电工工具与电工仪表,常用低压电器, 电气工程图识图基本知识,变压器和互感器的安装、运行与维护,电动机的安装、运行及故障处理,室内配电线路与电气照明,接地装置与防霄保护等。
410  0 @1001003754937
606 0  @a电工技术@x基本知识
606 0  @a电工技术
690    @aTM-49@v5
690    @aTM@v4
701  0 @a孙克军@Asun ke jun@c(电工技术)@4主编
801  2 @aCN@b辽宁北配@c20231205
905    @aBZT@dTM@e38
    
    电工初级技能/孙克军主编.-北京:金盾出版社,2009
    235页:图;21cm.-(农村劳动力转移技能培训丛书)
    
    
    ISBN 978-7-5082-5374-9:CNY 19.00
    本书共分8章,内容包括电工基础知识,常用电工工具与电工仪表,常用低压电器, 电气工程图识图基本知识,变压器和互感器的安装、运行与维护,电动机的安装、运行及故障处理,室内配电线路与电气照明,接地装置与防霄保护等。
●
相关链接 在五车中查询图书 在当当中查询图书 在豆瓣中查询图书


正题名:电工初级技能     索取号:TM/38         预约/预借

序号 登录号 条形码 馆藏地/架位号 状态 备注
1 2001675370   2001675370   516书库/ [索取号:TM/38] 在馆    
2 2001675371   2001675371   516书库/ [索取号:TM/38] 在馆    
3 2001675372   2001675372   516书库/ [索取号:TM/38] 在馆    
4 2001675373   2001675373   516书库/ [索取号:TM/38] 在馆    
5 2001675374   2001675374   516书库/ [索取号:TM/38] 在馆    
6 2001675375   2001675375   516书库/ [索取号:TM/38] 在馆    
7 2001675376   2001675376   516书库/ [索取号:TM/38] 在馆    
8 2001675377   2001675377   216-217主题书屋/216室1架1层2列/ [索取号:TM/38] 在馆    
9 2001675378   2001675378   216-217主题书屋/216室1架1层2列/ [索取号:TM/38] 在馆    
10 2001675379   2001675379   216-217主题书屋/216室1架1层2列/ [索取号:TM/38] 在馆    
11 2001675380   2001675380   216-217主题书屋/216室1架1层2列/ [索取号:TM/38] 在馆    
12 2001675381   2001675381   216-217主题书屋/216室1架1层2列/ [索取号:TM/38] 在馆    
13 2001675382   2001675382   216-217主题书屋/216室1架1层2列/ [索取号:TM/38] 在馆    
14 2001675383   2001675383   516书库/ [索取号:TM/38] 在馆    
15 2001675384   2001675384   516书库/ [索取号:TM/38] 在馆    
16 2001675385   2001675385   516书库/ [索取号:TM/38] 在馆    
17 2001675386   2001675386   516书库/ [索取号:TM/38] 在馆    
18 2001675387   2001675387   516书库/ [索取号:TM/38] 在馆    
19 2001675388   2001675388   516书库/ [索取号:TM/38] 在馆    
20 2001675389   2001675389   516书库/ [索取号:TM/38] 在馆    
21 2001675390   2001675390   516书库/ [索取号:TM/38] 在馆    
22 2001675391   2001675391   516书库/ [索取号:TM/38] 在馆    
23 2001675392   2001675392   516书库/ [索取号:TM/38] 在馆    
24 2001675393   2001675393   516书库/ [索取号:TM/38] 在馆    
25 2001675394   2001675394   516书库/ [索取号:TM/38] 在馆    
26 2001675395   2001675395   516书库/ [索取号:TM/38] 在馆    
山东省滨州职业学院图书馆 欢迎您!
大连网信软件有限公司© 版权所有